Statistics for World Landmarks - Asia

Click here to take the quiz!

General Stats

  • This quiz has been taken 18 times
  • The average score is 9 of 18

Answer Stats

Answer% Correct
Great Wall of China
100%
Taj Mahal
100%
Angkor Wat
94%
Mount Everest
94%
Petra
82%
The Forbidden City
82%
Mount Fuji
76%
Petronas Twin Towers
76%
Burj Khalifa
65%
Taipei 101
59%
Ha Long Bay
18%
The Chocolate Hills
18%
Borobudur Temple
6%
Jingmaham Living Root Bridge
6%
Komodo National Park
6%
The Grand Palace
6%
The Kuwait Towers
6%
The Silver Pagoda
6%

Score Distribution

Percentile by Number Answered

Percent of People with Each Score

Your Score History

You have not taken this quiz